[Event "Brønshøj Lang Weekend 2017"]
[Site "?"]
[Date "2017.02.13"]
[Round "6"]
[White "Christensen, Esben"]
[Black "Nielsen, Thomas Bach"]
[Result "0-1"]
[WhiteElo "2055"]
[BlackElo "2163"]
[PlyCount "124"]
[EventDate "2017.??.??"]

1. e4 c6 2. Nf3 d5 3. Nc3 Bg4 4. h3 Bxf3 5. Qxf3 e6 6. g3 dxe4 7. Nxe4 Nd7 8.
d4 Ndf6 9. Bd3 Nxe4 10. Bxe4 Nf6 11. Bd3 Qxd4 12. O-O Qd5 13. Qf4 Bd6 14. Qa4
Qf3 15. Qh4 Qh5 16. Qxh5 Nxh5 17. Be3 Nf6 18. c4 Ke7 19. a3 Rhd8 20. Be2 a5 21.
Rab1 Rd7 22. Kg2 a4 23. f4 Ne4 24. Rfd1 Bc5 25. Rxd7+ Kxd7 26. Kf3 f5 27. Bd3
Bxe3 28. Bxe4 Bd4 29. Bc2 Kd6 30. b4 axb3 31. Rxb3 b6 32. g4 g6 33. Ke2 Kc5 34.
Bd3 h5 35. Kf3 h4 36. Be2 Rd8 37. Bd3 Bf6 38. Be2 Rd4 39. Re3 Rd6 40. Bf1 Bd4
41. Re2 Bc3 42. Re3 Bd2 43. Re5+ Kd4 44. g5 c5 45. Re2 Kc3 46. Re5 Kb3 47. Re2
Kxa3 48. Re5 Kb3 49. Re2 Bc3 50. Re3 Kc2 51. Re2+ Bd2 52. Re5 Kc3 53. Re2 b5
54. cxb5 c4 55. Re5 Kd4 56. Be2 c3 57. Bd1 Kd3 58. Rc5 Rd4 59. b6 Rxf4+ 60. Kg2
Be3 61. Rb5 Rf2+ 62. Kh1 Rb2 0-1

[Event "Brønshøj Lang Weekend 2017"]
[Site "?"]
[Date "2017.02.13"]
[Round "6"]
[White "Petersen, Steen Brustrup"]
[Black "Thomsen, Kim R"]
[Result "0-1"]
[WhiteElo "2138"]
[BlackElo "1957"]
[PlyCount "106"]
[EventDate "2017.??.??"]

1. c4 Nf6 2. g3 c6 3. Bg2 d5 4. Nf3 Bf5 5. b3 e6 6. O-O Be7 7. Bb2 O-O 8. d3
Nbd7 9. Nbd2 h6 10. Re1 a5 11. e4 dxe4 12. dxe4 Bh7 13. e5 Ne8 14. Ne4 Nc5 15.
Nxc5 Bxc5 16. Bc3 Qb6 17. Bd4 Bxd4 18. Qxd4 Qxd4 19. Nxd4 Nc7 20. Red1 Rfd8 21.
Kf1 Na6 22. Ke2 Nc5 23. Ke3 Rd7 24. f4 Rad8 25. Bf3 Nd3 26. Ne2 Nb4 27. Rxd7
Rxd7 28. Be4 Bxe4 29. Kxe4 Rd2 30. Nc3 Rc2 31. Na4 b5 32. Nb6 Re2+ 33. Kd4 Nc2+
34. Kd3 Rxh2 35. Rd1 Nb4+ 36. Kd4 Rxa2 37. Kc5 Rg2 38. cxb5 cxb5 39. Rd8+ Kh7
40. Rf8 Rxg3 41. Rxf7 Kg6 42. Rf8 Rf3 43. Kxb5 h5 44. Nc8 Nd5 45. Kxa5 h4 46.
Nd6 h3 47. f5+ Kh7 48. b4 h2 49. Nf7 Rxf5 50. Rh8+ Kg6 51. Nd6 Rh5 52. Rxh5
Kxh5 53. Ne4 Kg4 0-1

[Event "Brønshøj Lang Weekend 2017"]
[Site "?"]
[Date "2017.02.13"]
[Round "6"]
[White "Sørensen, Per Settergren"]
[Black "Andersen, Søren Mikkel"]
[Result "1/2-1/2"]
[WhiteElo "1979"]
[BlackElo "2088"]
[PlyCount "69"]
[EventDate "2017.??.??"]

1. e4 c5 2. Nf3 d6 3. d4 cxd4 4. Nxd4 Nf6 5. Nc3 a6 6. g3 g6 7. Bg2 Bg7 8. h3
O-O 9. O-O Nc6 10. Be3 Bd7 11. Nd5 Nxd5 12. exd5 Nxd4 13. Bxd4 Bxd4 14. Qxd4
Qc8 15. Rfe1 Re8 16. Kh2 Qc5 17. Qd2 Rac8 18. c3 b5 19. Re4 e5 20. dxe6 Rxe6
21. Rxe6 Bxe6 22. a3 a5 23. Rd1 Re8 24. Qf4 Rd8 25. Rd4 Kg7 26. Qd2 a4 27. Rh4
h5 28. Rd4 Bc4 29. Bd5 Rb8 30. h4 Qc7 31. Rf4 Bxd5 32. Qxd5 Qd7 33. Qd4+ Kg8
34. Qd5 Re8 35. Qd2 1/2-1/2

[Event "Brønshøj Lang Weekend 2017"]
[Site "?"]
[Date "2017.02.13"]
[Round "6"]
[White "Jørgensen, Orla Eilegaard"]
[Black "Olsen, Michael Richard W"]
[Result "0-1"]
[WhiteElo "1678"]
[BlackElo "1986"]
[PlyCount "108"]
[EventDate "2017.??.??"]

1. e4 d5 2. exd5 Qxd5 3. d4 c6 4. Nf3 Nf6 5. c4 Qd8 6. Nc3 e6 7. a3 a5 8. Bd3
Be7 9. O-O Nbd7 10. Re1 Nf8 11. Qc2 Ng6 12. Ne2 Qc7 13. Ng3 Bd7 14. Ne5 c5 15.
Nf3 Bc6 16. Ne4 cxd4 17. Nxd4 Rd8 18. Nxc6 bxc6 19. Bg5 Ng4 20. g3 N4e5 21. Be2
Bxg5 22. Nxg5 Qe7 23. Nf3 O-O 24. Nxe5 Nxe5 25. Rad1 Qc5 26. Rxd8 Rxd8 27. Rd1
Rxd1+ 28. Qxd1 g6 29. Qc2 Qd4 30. b3 Qa1+ 31. Kg2 Qxa3 32. f4 Nd7 33. Qd3 Qe7
34. Bf3 Nc5 35. Qc3 Qc7 36. b4 axb4 37. Qxb4 Nb7 38. Qa4 Nd8 39. Qa8 Kg7 40.
Qa1+ f6 41. Qa6 c5 42. Qb5 Qd6 43. Qe8 Nf7 44. Qb5 Qd2+ 45. Kh3 Qf2 46. Bg2 g5
47. Qc6 gxf4 48. gxf4 Qxf4 49. Bh1 Qxc4 50. Qg2+ Ng5+ 51. Kg3 Qd3+ 52. Kf2 Qd2+
53. Kf1 Qxg2+ 54. Bxg2 f5 0-1

[Event "Brønshøj Lang Weekend 2017"]
[Site "?"]
[Date "2017.02.13"]
[Round "6"]
[White "Kokholm, Daniel"]
[Black "Tandrup, Michael"]
[Result "1/2-1/2"]
[WhiteElo "1858"]
[BlackElo "1930"]
[PlyCount "34"]
[EventDate "2017.??.??"]

1. e4 d5 2. d4 dxe4 3. Nc3 Nf6 4. f3 e3 5. Bxe3 e6 6. Bd3 Bb4 7. Nge2 Nd5 8.
Qd2 Nxe3 9. Qxe3 Nc6 10. O-O O-O 11. Ne4 Be7 12. c3 b6 13. f4 a5 14. Rf3 Ba6
15. Bc2 f5 16. Nd2 Qd6 17. Kh1 Rae8 1/2-1/2

[Event "Brønshøj Lang Weekend 2017"]
[Site "?"]
[Date "2017.02.13"]
[Round "6"]
[White "Koch-Müller, Oscar"]
[Black "Marthedal, Anton Mehmet Yildiz"]
[Result "0-1"]
[WhiteElo "1644"]
[BlackElo "1910"]
[PlyCount "130"]
[EventDate "2017.??.??"]

1. c4 c5 2. Nc3 Nc6 3. g3 g6 4. Bg2 Bg7 5. Nf3 Nf6 6. O-O O-O 7. e3 d5 8. Nxd5
Nxd5 9. cxd5 Qxd5 10. Nd4 Qd6 11. Nxc6 bxc6 12. Qa4 Bf5 13. Qxc6 Qxc6 14. Bxc6
Rab8 15. e4 Rfc8 16. Bd5 Bh3 17. Rd1 Bg4 18. Re1 c4 19. e5 Rc5 20. Bg2 Rxe5 21.
Rxe5 Bxe5 22. f4 Bd4+ 23. Kf1 Kg7 24. Be4 Bh3+ 25. Ke2 f5 26. Bd5 Bg4+ 27. Ke1
Rc8 28. Rb1 e6 29. Bg2 Rd8 30. b3 c3 31. b4 cxd2+ 32. Bxd2 Bf2+ 33. Kxf2 Rxd2+
34. Kg1 Rxa2 35. Rc1 Kf6 36. Rc7 h6 37. Bc6 Rc2 38. b5 Bf3 39. Rxa7 Bxc6 40.
bxc6 Rxc6 41. h3 g5 42. Kf2 Rc2+ 43. Kg1 gxf4 44. gxf4 Rc4 45. Rh7 Rxf4 46.
Rxh6+ Ke5 47. h4 Re4 48. Kf2 Kf4 49. Rg6 e5 50. h5 Ra4 51. h6 Ra2+ 52. Kg1 Ra8
53. Kf2 Rh8 54. Ke2 Rh7 55. Kf2 Ke4 56. Ke2 Ra7 57. Kf2 f4 58. Rg7 Ra2+ 59. Kg1
Ke3 60. h7 f3 61. Rg3 Ra8 62. Rg8 f2+ 63. Kh2 f1=Q 64. h8=Q Ra2+ 65. Kg3 Rg2+
0-1

[Event "Brønshøj Lang Weekend 2017"]
[Site "?"]
[Date "2017.02.13"]
[Round "6"]
[White "Nielsen, Thomas"]
[Black "Møller, Arne Vagn"]
[Result "1/2-1/2"]
[WhiteElo "1922"]
[BlackElo "1852"]
[PlyCount "41"]
[EventDate "2017.??.??"]

1. d4 Nf6 2. c4 e6 3. Nf3 b6 4. g3 Bb7 5. Bg2 Be7 6. O-O O-O 7. Re1 d5 8. cxd5
exd5 9. Qc2 Bd6 10. Nc3 c6 11. Bg5 h6 12. Bxf6 Qxf6 13. e4 dxe4 14. Nxe4 Qd8
15. Nxd6 Qxd6 16. Rad1 Nd7 17. Nh4 Rfe8 18. Nf5 Qf6 19. Ne3 Rac8 20. Qa4 a6 21.
b4 1/2-1/2

[Event "Brønshøj Lang Weekend 2017"]
[Site "?"]
[Date "2017.02.13"]
[Round "6"]
[White "Larsen, Preben R"]
[Black "Andersen, Daniel"]
[Result "1/2-1/2"]
[WhiteElo "1823"]
[BlackElo "1858"]
[PlyCount "90"]
[EventDate "2017.??.??"]

1. e4 e6 2. d4 d5 3. Nc3 Nf6 4. e5 Nfd7 5. Nf3 c5 6. Bb5 a6 7. Bxd7+ Bxd7 8.
O-O Nc6 9. Ne2 Be7 10. Be3 cxd4 11. Nexd4 O-O 12. c3 b5 13. Nxc6 Bxc6 14. Nd4
Qc7 15. Qg4 Rfc8 16. h4 Qxe5 17. Nxc6 Rxc6 18. Bd4 Rc4 19. b3 Rxd4 20. cxd4 Qd6
21. Rfc1 Bf6 22. Rc5 h5 23. Qd1 Qf4 24. Rac1 g6 25. Rc8+ Rxc8 26. Rxc8+ Kg7 27.
g3 Qe4 28. Ra8 Bxd4 29. Rxa6 Bc3 30. a4 bxa4 31. Rxa4 d4 32. Kf1 Qh1+ 33. Ke2
Qe4+ 34. Kf1 e5 35. f3 Qd5 36. Rc4 Qe6 37. Kg2 e4 38. fxe4 Qxe4+ 39. Qf3 Qc2+
40. Kf1 Qb1+ 41. Kg2 Qxb3 42. Qd3 Qb2+ 43. Kf3 Qb7+ 44. Qe4 Qd7 45. Qe5+ f6
1/2-1/2

[Event "Brønshøj Lang Weekend 2017"]
[Site "?"]
[Date "2017.02.13"]
[Round "6"]
[White "Marshall, Michael O"]
[Black "Nielsen, Henrik Wendelbo"]
[Result "1/2-1/2"]
[WhiteElo "1832"]
[BlackElo "1830"]
[PlyCount "50"]
[EventDate "2017.??.??"]

1. d4 Nf6 2. Nf3 g6 3. e3 Bg7 4. c4 O-O 5. Nc3 d6 6. Be2 c5 7. O-O Na6 8. b3
Nc7 9. Bb2 Bd7 10. Qc2 Rc8 11. dxc5 Bf5 12. Bd3 Bxd3 13. Qxd3 dxc5 14. Qc2 e6
15. Rad1 Qe7 16. Rd2 Rfd8 17. Rfd1 b6 18. h3 Na6 19. a3 Nb8 20. Rd3 Nc6 21.
R1d2 Rxd3 22. Rxd3 Rd8 23. Rxd8+ Qxd8 24. Qe2 h6 25. Qc2 Qd7 1/2-1/2

[Event "Brønshøj Lang Weekend 2017"]
[Site "?"]
[Date "2017.02.13"]
[Round "6"]
[White "Kristensen, Lars Østergård"]
[Black "Olsen, Bjørn"]
[Result "0-1"]
[WhiteElo "1709"]
[BlackElo "1696"]
[PlyCount "66"]
[EventDate "2017.??.??"]

1. d4 d5 2. c4 c6 3. Nc3 e6 4. Qc2 f5 5. Nf3 Nf6 6. Bg5 Be7 7. e3 O-O 8. Bd3
Bd7 9. Nd2 Ne4 10. Bxe7 Qxe7 11. O-O Be8 12. f3 Nxd2 13. Qxd2 Nd7 14. e4 fxe4
15. fxe4 Bg6 16. exd5 Bxd3 17. Qxd3 exd5 18. cxd5 cxd5 19. Nxd5 Qd6 20. Qb3 Kh8
21. Rxf8+ Rxf8 22. Qxb7 Rb8 23. Qxa7 Qxd5 24. Re1 h6 25. Re7 Rb7 26. Qa8+ Kh7
27. Re8 Qxd4+ 28. Kf1 Qd1+ 29. Re1 Qd3+ 30. Kg1 Nc5 31. b3 Qd4+ 32. Kf1 Rf7+
33. Ke2 Rf2# 0-1

[Event "Brønshøj Lang Weekend 2017"]
[Site "?"]
[Date "2017.02.13"]
[Round "6"]
[White "Vinter, Christoffer"]
[Black "Mouritsen, Jan"]
[Result "0-1"]
[WhiteElo "1589"]
[BlackElo "1917"]
[PlyCount "108"]
[EventDate "2017.??.??"]

1. e4 c5 2. Nf3 e6 3. Nc3 a6 4. d4 cxd4 5. Nxd4 Qc7 6. Bd3 Nf6 7. O-O b5 8. Be3
Bb7 9. f3 Nc6 10. Nce2 d5 11. Bf2 Bd6 12. g3 O-O 13. Nxc6 Bxc6 14. Nd4 Bb7 15.
Re1 Rfd8 16. Qe2 dxe4 17. Bxe4 Nxe4 18. fxe4 Rac8 19. Rac1 Be5 20. Red1 h6 21.
Rd2 Qc4 22. Qxc4 bxc4 23. c3 Bxe4 24. Re1 Bxd4 25. Rxd4 Rxd4 26. Bxd4 Bd5 27.
Kf2 f6 28. Be3 Kf7 29. Rb1 g5 30. Rg1 Rb8 31. Bc1 Kg6 32. Ke3 f5 33. h3 Kf6 34.
h4 e5 35. Rd1 Ke6 36. hxg5 hxg5 37. Kf2 g4 38. Ke3 Rh8 39. Rg1 Rh2 40. Bd2 Bf3
41. Re1 Rg2 42. Bc1 Rxg3 43. Kf2 Rh3 44. Bf4 Be4 45. Bg3 Rh1 46. Rxh1 Bxh1 47.
b3 cxb3 48. axb3 f4 49. Bh4 e4 50. Bd8 e3+ 51. Kg1 Be4 52. Bc7 Kf5 53. Kf1 g3
54. Bb6 Bd3+ 0-1

[Event "Brønshøj Lang Weekend 2017"]
[Site "?"]
[Date "2017.02.13"]
[Round "6"]
[White "Ozcan, Güney"]
[Black "Eiholt, Bjarne"]
[Result "1-0"]
[WhiteElo "1857"]
[BlackElo "1589"]
[PlyCount "55"]
[EventDate "2017.??.??"]

1. e4 c6 2. d4 d5 3. f3 dxe4 4. fxe4 e5 5. Nf3 Bg4 6. Bc4 Nd7 7. O-O Ngf6 8. c3
Bd6 9. Qb3 O-O 10. Bg5 Qc7 11. Nbd2 h6 12. Bh4 b5 13. Bd3 a6 14. Bg3 c5 15. Be2
exd4 16. Bxd6 Qxd6 17. cxd4 cxd4 18. Rae1 Ne5 19. Nxe5 Qxe5 20. Rxf6 Bxe2 21.
Rf5 Qc7 22. Rxe2 Qc1+ 23. Rf1 Qc5 24. Qd3 Rac8 25. Nb3 Qh5 26. Ref2 Qg6 27.
Qxd4 Rcd8 28. Qe3 1-0

[Event "Brønshøj Lang Weekend 2017"]
[Site "?"]
[Date "2017.02.13"]
[Round "6"]
[White "Dupont, Michael Kim"]
[Black "Liu, Casper Yukun"]
[Result "0-1"]
[WhiteElo "1548"]
[BlackElo "1765"]
[PlyCount "94"]
[EventDate "2017.??.??"]

1. e4 e5 2. Nf3 Nc6 3. Bb5 a6 4. Ba4 Be7 5. c3 Nf6 6. d3 d6 7. h3 O-O 8. O-O b5
9. Bc2 d5 10. d4 dxe4 11. Nxe5 Bb7 12. Nd2 Qd5 13. Bb3 Qd6 14. Nxc6 Qxc6 15.
Bc2 Bd6 16. Re1 Rfe8 17. f3 Bg3 18. Re2 exf3 19. Rxe8+ Rxe8 20. Qxf3 Re1+ 21.
Nf1 Qc4 22. Bd3 Bxf3 23. Bxc4 Bh5 24. Bd3 Bf4 25. Bxf4 Rxa1 26. Bxc7 Nd5 27.
Bg3 Ne3 28. Kf2 Nxf1 29. Bxf1 Rxa2 30. Ke3 Rxb2 31. Bd6 f6 32. Bb4 Bf7 33. g3
Ra2 34. Bc5 Bd5 35. h4 Kf7 36. Bh3 Bc4 37. Bd7 Re2+ 38. Kf3 a5 39. Bc6 Rd2 40.
Ke3 Rd3+ 41. Kf4 Ke6 42. Be4 Rxc3 43. Bxh7 Kf7 44. Be4 g6 45. Bc6 Ke6 46. Bb6
a4 47. Bc5 a3 0-1

[Event "Brønshøj Lang Weekend 2017"]
[Site "?"]
[Date "2017.02.13"]
[Round "7"]
[White "Rostgaard, Tobias Valentin"]
[Black "Akdag, Dara Sevkan"]
[Result "1-0"]
[WhiteElo "2353"]
[BlackElo "2188"]
[PlyCount "79"]
[EventDate "2017.??.??"]

1. e4 c5 2. Nf3 e6 3. d4 cxd4 4. Nxd4 Nc6 5. Nc3 a6 6. Be3 Qc7 7. Qf3 b5 8. Bd3
Ne5 9. Qg3 Nxd3+ 10. cxd3 Qxg3 11. hxg3 Nf6 12. Nb3 Be7 13. f3 O-O 14. Kf2 d6
15. g4 Nd7 16. g5 Re8 17. f4 Nf8 18. Rac1 Bd7 19. Na5 b4 20. Ne2 Bb5 21. Rhd1
Rac8 22. Rxc8 Rxc8 23. Nd4 e5 24. Nxb5 exf4 25. Bxf4 Rc5 26. Nd4 Ng6 27. Nac6
Nxf4 28. Nxe7+ Kf8 29. Nef5 Ra5 30. Ke3 Nxg2+ 31. Kf3 g6 32. Kxg2 gxf5 33. Nxf5
Rxa2 34. Rd2 d5 35. exd5 Ra5 36. Rc2 f6 37. gxf6 Rxd5 38. Nh6 Rd8 39. Rc7 Ke8
40. Re7+ 1-0

[Event "Brønshøj Lang Weekend 2017"]
[Site "?"]
[Date "2017.02.13"]
[Round "7"]
[White "Nielsen, Viktor Haarmark"]
[Black "Reimanis, Ritvars"]
[Result "1/2-1/2"]
[WhiteElo "2232"]
[BlackElo "2261"]
[PlyCount "60"]
[EventDate "2017.??.??"]

1. e4 c5 2. Nf3 Nc6 3. d4 cxd4 4. Nxd4 Nf6 5. Nc3 d6 6. Bg5 e6 7. Qd2 a6 8.
O-O-O Bd7 9. f4 h6 10. Bxf6 Qxf6 11. Nb3 Qd8 12. Kb1 Qc7 13. h4 Na5 14. Nd4 Rc8
15. g4 b5 16. a3 Nc4 17. Bxc4 Qxc4 18. Rh3 Be7 19. g5 hxg5 20. fxg5 g6 21. e5
d5 22. Nce2 b4 23. axb4 Qxb4 24. Qf4 Bb5 25. Rb3 Qa5 26. Nc3 Rc4 27. Qf2 Qc7
28. Qg3 Bd7 29. Nce2 Bb4 30. Rf1 Rh7 1/2-1/2

[Event "Brønshøj Lang Weekend 2017"]
[Site "?"]
[Date "2017.02.13"]
[Round "7"]
[White "Haubro, Martin"]
[Black "Thorsbro, Peter"]
[Result "1-0"]
[WhiteElo "2351"]
[BlackElo "2207"]
[PlyCount "79"]
[EventDate "2017.??.??"]

1. e4 c6 2. d4 d5 3. e5 Bf5 4. h4 h6 5. g4 Be4 6. f3 Bg6 7. h5 Bh7 8. e6 fxe6
9. Bd3 Qd6 10. Bxh7 Rxh7 11. Qd3 Rh8 12. f4 Nf6 13. Nf3 Ne4 14. Ne5 Nd7 15. Nd2
Nxe5 16. fxe5 Qb4 17. c3 Qb5 18. Qxb5 cxb5 19. Nxe4 dxe4 20. Be3 Rg8 21. a4
bxa4 22. Rxa4 g6 23. g5 gxh5 24. gxh6 Kf7 25. Rxh5 Rh8 26. Rc4 Kg6 27. Rh4 Kh7
28. Rc7 Rb8 29. Rxe4 Rg8 30. Kf2 Rg6 31. Kf3 a5 32. Rg4 a4 33. Rxg6 Kxg6 34.
Ke4 b5 35. Rc6 Kf7 36. Ra6 Rc8 37. Rb6 a3 38. Rxb5 axb2 39. Kd3 Kg6 40. Rxb2
1-0

[Event "Brønshøj Lang Weekend 2017"]
[Site "?"]
[Date "2017.02.13"]
[Round "7"]
[White "Kragh, Niels Kristian Ø"]
[Black "Brinck-Claussen, Bjørn"]
[Result "1/2-1/2"]
[WhiteElo "2117"]
[BlackElo "2226"]
[PlyCount "56"]
[EventDate "2017.??.??"]

1. e4 e6 2. d4 d5 3. Nd2 c5 4. exd5 Qxd5 5. Ngf3 cxd4 6. Bc4 Qd6 7. O-O Nf6 8.
Nb3 Nc6 9. Nbxd4 Nxd4 10. Nxd4 a6 11. Re1 Qc7 12. Bb3 Bd7 13. Qe2 O-O-O 14. c3
Bc5 15. Bg5 Bxd4 16. cxd4 Bc6 17. Rac1 Rxd4 18. Rxc6 bxc6 19. Be3 Rb4 20. Rc1
Rxb3 21. Qxa6+ Kd7 22. axb3 Rb8 23. Bd4 e5 24. Bc3 Rb5 25. Qa8 Rb8 26. Rd1+ Ke8
27. Qa4 Rb5 28. Qa8+ Rb8 1/2-1/2

[Event "Brønshøj Lang Weekend 2017"]
[Site "?"]
[Date "2017.02.13"]
[Round "7"]
[White "Thomsen, Kim R"]
[Black "Moe, Mogens"]
[Result "0-1"]
[WhiteElo "1957"]
[BlackElo "2162"]
[PlyCount "72"]
[EventDate "2017.??.??"]

1. d4 Nf6 2. c4 g6 3. Nc3 d5 4. Qb3 dxc4 5. Qxc4 Bg7 6. Nf3 O-O 7. e4 Nc6 8. h3
e5 9. d5 Nd4 10. Bd3 Ne8 11. Be3 Nd6 12. Qa4 Bd7 13. Qd1 c5 14. dxc6 Bxc6 15.
Nd2 f5 16. f3 Qh4+ 17. Bf2 Qg5 18. Rg1 b5 19. a3 Kh8 20. h4 Qe7 21. Qb1 a5 22.
Qa2 Bh6 23. Nd5 Qg7 24. Rd1 b4 25. Nb6 Rab8 26. Nbc4 b3 27. Qb1 fxe4 28. Nxd6
exd3 29. N2e4 Nc2+ 30. Kf1 Rbd8 31. Bc5 Qc7 32. Ng5 Bxg5 33. hxg5 Rxd6 34. Bxd6
Qxd6 35. Qc1 Qd4 36. Rd2 e4 0-1

[Event "Brønshøj Lang Weekend 2017"]
[Site "?"]
[Date "2017.02.13"]
[Round "7"]
[White "Jacobsen, Mikkel Manosri"]
[Black "Frank-Nielsen, Marie"]
[Result "1/2-1/2"]
[WhiteElo "2300"]
[BlackElo "1958"]
[PlyCount "97"]
[EventDate "2017.??.??"]

1. d4 Nf6 2. Nf3 g6 3. c4 Bg7 4. Nc3 O-O 5. Bg5 d6 6. e3 h6 7. Bh4 Bf5 8. Qb3
b6 9. h3 g5 10. Bg3 Nbd7 11. Qd1 Re8 12. Bd3 Bxd3 13. Qxd3 e5 14. Qc2 Nh5 15.
O-O Nxg3 16. fxg3 Nf6 17. d5 Qd7 18. e4 Nh5 19. Kh2 Rf8 20. g4 Nf4 21. g3 Ng6
22. b4 c6 23. Qa4 Rfc8 24. dxc6 Qxc6 25. Qxc6 Rxc6 26. Nd2 a6 27. a4 Ne7 28.
Rf3 Rc7 29. Rd3 Bf8 30. Ra3 Nc6 31. Nd5 Rb7 32. b5 Nd4 33. a5 axb5 34. a6 Rbb8
35. Rxd4 exd4 36. cxb5 Ra7 37. Nc4 Be7 38. Rd3 Bd8 39. Rxd4 Rc8 40. Ndxb6 Bxb6
41. Nxb6 Rc2+ 42. Kg1 Rb2 43. Rxd6 Rxb5 44. Nd7 Kg7 45. Kf2 Ra5 46. Nb8 Rb5 47.
Nd7 Ra5 48. Nb8 Rb5 49. Nd7 1/2-1/2

[Event "Brønshøj Lang Weekend 2017"]
[Site "?"]
[Date "2017.02.13"]
[Round "7"]
[White "Olsen, Michael Richard W"]
[Black "Hultin Rasmussen, Steen"]
[Result "0-1"]
[WhiteElo "1986"]
[BlackElo "1880"]
[PlyCount "84"]
[EventDate "2017.??.??"]

1. g3 d5 2. Bg2 e5 3. c4 Nf6 4. cxd5 Nxd5 5. Nc3 Nb6 6. d3 Be7 7. Nf3 Nc6 8.
O-O Be6 9. Na4 O-O 10. Be3 Nxa4 11. Qxa4 Bd5 12. Rac1 a6 13. Bc5 h6 14. Qa3 Re8
15. e4 Be6 16. Bxe7 Qxe7 17. Rc5 Bg4 18. Nd2 Nd4 19. f3 b6 20. Rc4 Be6 21. Qxe7
Rxe7 22. Rxd4 exd4 23. f4 Bg4 24. Kf2 Rae8 25. Rc1 f6 26. h3 Bc8 27. Nf3 c5 28.
g4 g6 29. Nd2 Rc7 30. Bf3 b5 31. b3 Be6 32. f5 Bf7 33. fxg6 Bxg6 34. Be2 Rec8
35. Ke1 Bf7 36. Rb1 Be6 37. Kd1 Kf7 38. Kc2 a5 39. Rf1 Ke7 40. Kb2 a4 41. Nf3
axb3 42. axb3 Ra7 0-1

[Event "Brønshøj Lang Weekend 2017"]
[Site "?"]
[Date "2017.02.13"]
[Round "7"]
[White "Marthedal, Anton Mehmet Yildiz"]
[Black "Andersen, Rune"]
[Result "0-1"]
[WhiteElo "1910"]
[BlackElo "2119"]
[PlyCount "68"]
[EventDate "2017.??.??"]

1. d4 d5 2. c4 c6 3. Nf3 Nf6 4. Nbd2 e6 5. g3 Be7 6. Bg2 O-O 7. b3 Nbd7 8. O-O
b6 9. Bb2 Bb7 10. Qc2 c5 11. Rfd1 Rc8 12. Rac1 dxc4 13. bxc4 cxd4 14. Bxd4 Qc7
15. a4 h6 16. Qb2 Rfd8 17. e4 Bc6 18. e5 Ne4 19. Nxe4 Bxe4 20. Ne1 Bxg2 21.
Nxg2 Nb8 22. Ne3 Nc6 23. Bc3 Bc5 24. Rxd8+ Rxd8 25. Qe2 Bd4 26. f4 Bxc3 27.
Rxc3 Nd4 28. Qf2 Qc6 29. Nc2 Qe4 30. Qe3 Ne2+ 31. Kf2 Nxc3 32. Qxc3 Rd3 33. Qe1
Qf3+ 34. Kg1 Rd1 0-1

[Event "Brønshøj Lang Weekend 2017"]
[Site "?"]
[Date "2017.02.13"]
[Round "7"]
[White "Andersen, Søren Mikkel"]
[Black "Kokholm, Daniel"]
[Result "1/2-1/2"]
[WhiteElo "2088"]
[BlackElo "1858"]
[PlyCount "104"]
[EventDate "2017.??.??"]

1. d4 d6 2. Nf3 Nd7 3. c4 e5 4. Nc3 c6 5. g3 Ngf6 6. Bg2 Be7 7. O-O O-O 8. e4
Qc7 9. h3 Ne8 10. Be3 g6 11. d5 c5 12. Ne1 Ng7 13. f4 f5 14. Nd3 Bf6 15. Rb1
Re8 16. Kh2 a6 17. Bf2 Qd8 18. exf5 gxf5 19. Qd2 e4 20. Ne1 Qe7 21. Nc2 b5 22.
Ne3 Nb6 23. b3 b4 24. Ne2 h5 25. a4 a5 26. h4 Ra7 27. Ng1 Nd7 28. Nh3 Nf8 29.
Ng5 Bxg5 30. hxg5 Ng6 31. Rh1 Kf7 32. Bh3 Rh8 33. Ng2 Bd7 34. Rbe1 Raa8 35. Qb2
Raf8 36. Re3 Ke8 37. Qb1 Qf7 38. Rd1 Kd8 39. Qa1 Rh7 40. Rf1 Rhh8 41. Be1 Rh7
42. Re2 Rhh8 43. Qc1 Rh7 44. Qe3 Re8 45. Qf2 Rf8 46. Rh1 Re8 47. Kg1 Rf8 48.
Qe3 Re8 49. Bf2 Rf8 50. Qc1 Rhh8 51. Kh2 Rh7 52. Qg1 Qe7 1/2-1/2

[Event "Brønshøj Lang Weekend 2017"]
[Site "?"]
[Date "2017.02.13"]
[Round "7"]
[White "Mouritsen, Jan"]
[Black "Stage-Steffensen, Sander"]
[Result "0-1"]
[WhiteElo "1917"]
[BlackElo "1916"]
[PlyCount "38"]
[EventDate "2017.??.??"]

1. e4 e5 2. Nf3 Nc6 3. d4 exd4 4. Nxd4 Be7 5. Nxc6 dxc6 6. Qxd8+ Bxd8 7. Bf4
Nf6 8. Nc3 Be6 9. Be2 Rc8 10. O-O-O Be7 11. Bg5 h6 12. Bd2 b5 13. a3 a5 14. e5
Nd7 15. f4 b4 16. axb4 axb4 17. Ne4 Ra8 18. Kb1 Ba2+ 19. Kc1 Bc4 0-1

[Event "Brønshøj Lang Weekend 2017"]
[Site "?"]
[Date "2017.02.13"]
[Round "7"]
[White "Tandrup, Michael"]
[Black "Larsen, Preben R"]
[Result "0-1"]
[WhiteElo "1930"]
[BlackElo "1823"]
[PlyCount "62"]
[EventDate "2017.??.??"]

1. d4 d5 2. Nf3 c6 3. g3 Nf6 4. Bg2 g6 5. O-O Bg7 6. b3 O-O 7. Bb2 Nbd7 8. h3
Ne4 9. Nbd2 f5 10. c4 e6 11. e3 Qc7 12. Ba3 Re8 13. Bb2 b6 14. Rc1 Ba6 15. Re1
Rac8 16. Rc2 Qd6 17. Qa1 Qe7 18. Bf1 Bb7 19. Rec1 Bh6 20. a4 Nxd2 21. Rxd2 c5
22. Ne5 Nxe5 23. dxe5 d4 24. f4 dxe3 25. Rd6 g5 26. Rcd1 gxf4 27. Rd7 Qg5 28.
Rxb7 Qxg3+ 29. Kh1 Rcd8 30. Rd6 f3 31. Qc1 Bf4 0-1

[Event "Brønshøj Lang Weekend 2017"]
[Site "?"]
[Date "2017.02.13"]
[Round "7"]
[White "Olsen, Bjørn"]
[Black "Nielsen, Thomas"]
[Result "1-0"]
[WhiteElo "1696"]
[BlackElo "1922"]
[PlyCount "161"]
[EventDate "2017.??.??"]

1. d4 d5 2. c4 e6 3. Nc3 c5 4. Nf3 Nc6 5. cxd5 exd5 6. g3 Nf6 7. Bg2 Bg4 8. Be3
c4 9. O-O Bb4 10. Ne5 Be6 11. Qa4 Qa5 12. Nxc6 Qxa4 13. Nxa4 bxc6 14. b3 cxb3
15. axb3 a5 16. Rfc1 Rc8 17. Nc5 Bg4 18. f3 Bf5 19. Na6 Bd6 20. Rxa5 O-O 21.
Nc5 Rfe8 22. Kf2 h5 23. Bg5 Rb8 24. Bxf6 gxf6 25. Ra6 Bxc5 26. Rxc5 Rxb3 27.
Raxc6 Rb2 28. Bf1 Bd3 29. Rc8 Rxc8 30. Rxc8+ Kg7 31. Ke3 Bc4 32. f4 Ra2 33. Re8
Ra3+ 34. Kf2 Ra2 35. Kf3 Rd2 36. Ke3 Ra2 37. Rb8 Ra3+ 38. Kf2 Ra2 39. Rb1 Rd2
40. Ke3 Ra2 41. Rd1 Ra8 42. Kf3 Ra2 43. h3 f5 44. e3 Bxf1 45. Rxf1 Ra8 46. Rc1
Kf6 47. Rc6+ Kg7 48. Rc5 Rd8 49. g4 fxg4+ 50. hxg4 hxg4+ 51. Kxg4 Kf6 52. Rc6+
Ke7 53. Kf5 Re8 54. Ra6 Kf8 55. Ra3 Kg7 56. Kg5 Re4 57. Rb3 f6+ 58. Kf5 Re7 59.
Kg4 Kg6 60. Kf3 Kf5 61. Rb5 Rd7 62. e4+ Ke6 63. f5+ Ke7 64. Rxd5 Rxd5 65. exd5
Kd7 66. Ke3 Kd6 67. Ke4 Kd7 68. Kd3 Kc7 69. Kc3 Kd7 70. Kb4 Kc7 71. Kc5 Kd7 72.
d6 Kd8 73. Kc6 Kc8 74. d7+ Kd8 75. d5 Ke7 76. Kc7 Kf7 77. d8=Q Kg7 78. Qe7+ Kg8
79. d6 Kh8 80. d7 Kg8 81. d8=R# 1-0

[Event "Brønshøj Lang Weekend 2017"]
[Site "?"]
[Date "2017.02.13"]
[Round "7"]
[White "Andersen, Daniel"]
[Black "Marshall, Michael O"]
[Result "1-0"]
[WhiteElo "1858"]
[BlackElo "1832"]
[PlyCount "76"]
[EventDate "2017.??.??"]

1. c4 c5 2. Nf3 Nc6 3. Nc3 g6 4. d4 cxd4 5. Nxd4 Bg7 6. Nxc6 bxc6 7. g3 Nf6 8.
Bg2 O-O 9. O-O Bb7 10. e4 d6 11. Be3 Nd7 12. Qe2 e6 13. Rfd1 Qe7 14. Rac1 a5
15. f4 Rfe8 16. Bf2 c5 17. e5 Bxg2 18. exd6 Qd8 19. Kxg2 Qb6 20. Nb5 Rad8 21.
b3 Rf8 22. a3 Qc6+ 23. Qf3 Qxf3+ 24. Kxf3 Ra8 25. Rb1 Rfd8 26. b4 axb4 27. axb4
cxb4 28. Rxb4 Ra2 29. Rc1 Rc8 30. c5 Rc6 31. Nd4 Bxd4 32. Bxd4 Ra3+ 33. Kg4 f5+
34. Kh3 Ra5 35. Rb7 Nxc5 36. Bxc5 Ra8 37. Rc7 Rxc7 38. dxc7 Kf7 1-0